| 000 -CABECERA |
| Longitud fija campo de control |
01622nam a22004334i 4500 |
| 001 - NÚMERO DE CONTROL |
| Número de control |
991038990559706706 |
| 003 - IDENTIFICADOR DEL NÚMERO DE CONTROL |
| Identificador del número de control |
OSt |
| 005 - FECHA Y HORA DE LA ÚLTIMA TRANSACCIÓN |
| Fecha y hora de la última transacción |
20211126135601.0 |
| 008 - CÓDIGOS DE INFORMACIÓN DE LONGITUD FIJA |
| Códigos de información de longitud fija |
110913e2011 spca 000 0bcat|c |
| 015 ## - NÚMERO DE BIBLIOGRAFÍA NACIONAL |
| Número de bibliografía nacional |
LL2011 |
| Fuente |
bnc |
| 017 ## - NÚMERO DE COPYRIGHT O DE DEPÓSITO LEGAL |
| Número de copyright o de depósito legal |
DL L 669-2011 |
| Agencia que asigna el número |
Biblioteca de Catalunya |
| 020 ## - NÚMERO INTERNACIONAL NORMALIZADO PARA LIBROS |
| Número Internacional Normalizado para Libros (ISBN) |
9788499751306 |
| 035 ## - NÚMERO DE CONTROL DEL SISTEMA |
| Número de control del sistema |
(ES-BaCBU)b51386859-34csuc_network |
| 035 ## - NÚMERO DE CONTROL DEL SISTEMA |
| Número de control del sistema |
(ES-BaCBU).b51386859 |
| 035 ## - NÚMERO DE CONTROL DEL SISTEMA |
| Número de control del sistema |
(ccuc001)b51386859 |
| 035 ## - NÚMERO DE CONTROL DEL SISTEMA |
| Número de control del sistema |
(OCoLC)804885733 |
| 035 ## - NÚMERO DE CONTROL DEL SISTEMA |
| Número de control del sistema |
(OCoLC)1103926857 |
| 040 ## - FUENTE DE LA CATALOGACIÓN |
| Centro catalogador de origen |
ES-BaBES |
| Lengua de catalogación |
cat |
| Normas de descripción |
rda |
| Centro transcriptor |
ES-BaBES |
| Centro modificado |
CDMR |
| 041 0# - CÓDIGO DE LENGUA |
| Código de lengua del texto/banda sonora o título independiente |
cat |
| 043 ## - CÓDIGO DE ÁREA GEOGRÁFICA |
| Código de área geográfica |
e-sp--- |
| Código local GAC |
e-spc-- |
| Fuente del código local |
catmarc |
| 080 ## - NÚMERO DE LA CLASIFICACIÓN DECIMAL UNIVERSAL |
| Número de la Clasificación Decimal Universal |
929Suñol i Garriga, Josep |
| 080 ## - NÚMERO DE LA CLASIFICACIÓN DECIMAL UNIVERSAL |
| Número de la Clasificación Decimal Universal |
946.71"19" |
| 100 1# - PUNTO DE ACCESO PRINCIPAL-NOMBRE DE PERSONA |
| Nombre de persona |
Badia, Jordi, |
| 245 10 - MENCIÓN DE TÍTULO |
| Título |
Josep Suñol i Garriga : |
| Resto del título |
viure i morir per Catalunya / |
| Mención de responsabilidad, etc. |
Jordi Badia ; pròleg de Mario Romeo ; epíleg de Josep I. Suñol Soler |
| 264 #1 - PRODUCCIÓN, PUBLICACIÓN , DISTRIBUCIÓN, FABRICACIÓN Y COPYRIGHT |
| Lugar de producción, publicación, distribución, fabricación |
Lleida : |
| Nombre del productor, editor, distribuidor, fabricante |
Pagès editors, |
| Fecha de de producción, publicación, distribución, fabricación o copyright |
2011 |
| 300 ## - DESCRIPCIÓN FÍSICA |
| Extensión |
262 pàgines : |
| Otras características físicas |
il·lustracions, fotografies en blanc i negre ; |
| Dimensiones |
24 cm |
| 504 ## - NOTA DE BIBLIOGRAFÍA, ETC |
| Nota de bibliografía, etc. |
Inclou referències bibliogràfiques i notes. Bibliografia (pàgines [261]-262) |
| 600 17 - PUNTO DE ACCESO ADICIONAL DE MATERIA - NOMBRE DE PERSONA |
| Nombre de persona |
Sunyol i Garriga, Josep, |
| Fechas asociadas al nombre |
1898-1936. |
| Fuente de encabezamiento o te&ecute,rmino |
cantic |
| 650 #7 - PUNTO DE ACCESO ADICIONAL DE MATERIA - TÉRMINO DE MATERIA |
| Término de materia o nombre geográfico como elemento inicial |
Premsa esportiva |
| Subdivisión geográfica |
Catalunya |
| Subdivisión de materia general |
Història. |
| Fuente del encabezamiento o término |
lemac |
| 650 #4 - PUNTO DE ACCESO ADICIONAL DE MATERIA - TÉRMINO DE MATERIA |
| Término de materia o nombre geográfico como elemento inicial |
Periodisme esportiu |
| Subdivisión geográfica |
Catalunya |
| Subdivisión de materia general |
Història |
| 700 1# - PUNTO DE ACCESO ADICIONAL - NOMBRE DE PERSONA |
| Nombre de persona |
Romeo, Mario, |
| 700 1# - PUNTO DE ACCESO ADICIONAL - NOMBRE DE PERSONA |
| Nombre de persona |
Suñol Soler, Josep I., |
| 710 2# - PUNTO DE ACCESO ADICIONAL - NOMBRE DE ENTIDAD |
| Nombre de entidad o nombre de jurisdicción como elemento inicial |
Fundació Suñol, |
| 710 2# - PUNTO DE ACCESO ADICIONAL - NOMBRE DE ENTIDAD |
| Nombre de entidad o nombre de jurisdicción como elemento inicial |
Fundació Esport i Ciutadania, |
| 907 ## - ELEMENTO G DATOS LOCALES, GDL (RLIN) |
| a |
.b51386859 |
| b |
22-06-21 |
| c |
13-09-11 |
| d |
13-09-11 |
| e |
m |
| f |
a |
| g |
- |
| h |
cat |
| i |
spc |
| j |
0 |
| k |
2 |
| 908 ## - CONTROL DE PARÁMETROS (RLIN) |
| Parametro de comando lanzado |
BPC |
| -- |
BMON |
| -- |
AHCB |
| -- |
BAB |
| -- |
UAB |
| -- |
UB |
| -- |
UVic-UCC |
| -- |
URV |
| -- |
ANC |
| -- |
RABL |
| -- |
BPEB |
| -- |
BC |
| -- |
UdG |
| 940 ## - |
| T&íacute;tulo uniforme |
<a href="AHCB">AHCB</a> |
| 942 ## - ENTRADA DE ELEMENTOS AGREGADOS (KOHA) |
| Fuente de clasificaión o esquema |
|
| Koha [por defecto] tipo de item |
Monografies |